Ciencias sociales: pueblos y lugares

Salvato in:
Dettagli Bibliografici
Autori principali: Durán, Diana (Autore), Cicerchia, Ricardo (Autore)
Natura: Libro
Lingua:spagnolo
Pubblicazione: Buenos Aires Troquel 1996
Soggetti:
Tags: Aggiungi Tag
Nessun Tag, puoi essere il primo ad aggiungerne!!

MARC

LEADER 00000nam a2200000 a 4500
001 UCS2387
003 CL-VaPUC
008 970523e19960000AG |||||||||||||||||spa|d
082 0 4 |a 372.83  |b DUR  |2 21 
100 0 |a Durán, Diana  |e author  |9 387758 
700 0 |a Cicerchia, Ricardo  |e author  |9 387759 
245 1 0 |a Ciencias sociales: pueblos y lugares 
300 |a 127 p 
942 |c BK 
945 |d 19970523 00:00:00  |a rleighto 
260 |a Buenos Aires  |b Troquel  |c 1996 
650 0 |a Enseñanza de las ciencias sociales  |9 337823 
650 7 |a HUMANIDAD  |2 CL-VaPUC  |9 309969 
650 0 |a Sociedad  |9 307903 
650 0 |a Medio ambiente  |9 257625 
650 7 |a DISTRIBUCION DE LA POBLACION  |2 CL-VaPUC  |9 337513 
583 |a last modification  |c 19970523 00:00:00  |k Rodrigo Vera 
999 |c 260348  |d 260346 
952 |0 0  |1 0  |4 0  |6 372_830000000000000_DUR_1996  |7 0  |8 A  |9 286378  |a BIBHIS  |b BIBHIS  |d 2019-11-19  |i 331068K  |o 372.83 DUR 1996  |p 331068K  |r 2025-01-20  |w 2019-11-19  |y BK  |k HIS